| 000 | 00526nam a22002057a 4500 | ||
|---|---|---|---|
| 003 | Nust | ||
| 005 | 20210922123951.0 | ||
| 008 | 170119b xxu||||| |||| 00| 0 eng d | ||
| 020 | _a8131203123 | ||
| 038 | _akhadija | ||
| 040 | _cc | ||
| 082 |
_a531.382 _bSAD |
||
| 100 |
_aSadd, Martin H. _934510 |
||
| 245 |
_aElasticity Theory, Applications and Numerics / _cMartin H. Sadd |
||
| 260 |
_aNew Delhi : _bAcademic Press, _c2006. |
||
| 300 |
_a461 p. ; _c24 cm. |
||
| 500 | _apaperback. | ||
| 563 | _aP.B | ||
| 942 |
_cBK _2ddc |
||
| 999 |
_c32133 _d32133 |
||